| 000 | 00804nam a2200229 a 4500 | ||
|---|---|---|---|
| 001 | 25060 | ||
| 003 | CO-ViMGA | ||
| 005 | 20230915232040.0 | ||
| 008 | 141112s2004 ck r 000 u spa d | ||
| 020 | _a9786071600059 | ||
| 040 |
_aCO-ViMGA _bspa _cCO-ViMGA |
||
| 090 | _aMURc | ||
| 100 | 1 |
_aMuraki, Yasushi. _938158 |
|
| 245 | 1 | 0 |
_aCómo es tu mamá? / _cilustrado por Yasushi Muraki ; texto de Rosanela Alvarez. |
| 260 |
_aMéxico : _bFondo de Cultura Económica : _bUNAM, _c2008. |
||
| 300 | _a[18] p. : il. ; 19 cm. | ||
| 650 | 1 | 4 |
_aMadres - Libros ilustrados para niños. _938159 |
| 700 | 1 |
_aAlvarez, Rosanela. _938160 |
|
| 942 |
_2ddc _cBK |
||
| 949 | _an n | ||
| 999 |
_c11086 _d11086 |
||